[Event "34th Zalakaros Open 2015"]
[Site "Zalakaros HUN"]
[Date "2015.05.21"]
[Round "8.28"]
[White "Mesaros, Florian"]
[Black "Marosi, Levente"]
[Result "1-0"]
[WhiteTitle "FM"]
[BlackTitle "FM"]
[WhiteElo "2390"]
[BlackElo "2153"]
[WhiteFideId "1629220"]
[BlackFideId "747181"]
[EventDate "2015.05.14"]

1. Nf3 Nf6 2. d4 e6 3. g3 b6 4. Bg2 Bb7 5. O-O Be7 6. c4 O-O 7. e3 d6 8. b3 Nbd7
9. Bb2 c5 10. Qe2 Qc7 11. Rd1 Rfe8 12. Nc3 a6 13. e4 Rac8 14. Rac1 Qb8 15. d5
exd5 16. exd5 Bf8 17. Qd3 g6 18. Re1 Bg7 19. Nd2 Rxe1+ 20. Rxe1 Re8 21. Qf1 Rxe1
22. Qxe1 Qe8 23. Qxe8+ Nxe8 24. f4 Kf8 25. Nd1 Ke7 26. Kf2 Bc8 27. Bc3 Ndf6 28.
h3 h5 29. Ke1 Ng8 30. Ne4 Nh6 31. Ne3 Nf5 32. Nxf5+ Bxf5 33. Bxg7 Bxe4 34. Bxe4
Nxg7 35. Kd2 f5 36. Bf3 Kd7 37. Kc3 Kc7 38. b4 Kb7 39. Bd1 Ka7 40. Ba4 a5 41.
bxa5 bxa5 42. h4 Kb6 43. Kb3 Kc7 44. Bb5 Kb7 45. Ka4 Kb6 46. a3 Kc7 47. Kxa5 Kb7
48. Bc6+ Kc7 49. a4 1-0

[Event "34th Zalakaros Open 2015"]
[Site "Zalakaros HUN"]
[Date "2015.05.21"]
[Round "8.29"]
[White "Morrison, Graham SCO"]
[Black "Kaczur, Florian"]
[Result "0-1"]
[WhiteTitle "FM"]
[WhiteElo "2351"]
[BlackElo "2336"]
[WhiteFideId "2400090"]
[BlackFideId "705098"]
[EventDate "2015.05.14"]

1. d4 Nf6 2. c4 e6 3. g3 d5 4. Nf3 dxc4 5. Bg2 Nc6 6. Qa4 Nd7 7. Qxc4 Nb6 8. Qb5
a6 9. Qd3 e5 10. Nxe5 Nb4 11. Qc3 Qxd4 12. Qxd4 Nc2+ 13. Kd1 Nxd4 14. Be3 Nf5
15. Bxb6 cxb6 16. Nd3 Bd6 17. Nc3 Rb8 18. Nd5 b5 19. Rc1 O-O 20. e4 Ne7 21. Nb6
Bg4+ 22. f3 Be6 23. b3 Rfd8 24. Ke2 Ba3 25. Rc7 Nc6 26. e5 Rxd3 27. Kxd3 Bc5 28.
Nd7 Bxd7 0-1

[Event "34th Zalakaros Open 2015"]
[Site "Zalakaros HUN"]
[Date "2015.05.21"]
[Round "8.30"]
[White "Mokal, Amruta Sunil"]
[Black "Kozak, Adam"]
[Result "0-1"]
[BlackTitle "FM"]
[WhiteElo "2130"]
[BlackElo "2341"]
[WhiteFideId "5016371"]
[BlackFideId "753246"]
[EventDate "2015.05.14"]

1. e4 e5 2. Nf3 Nc6 3. d4 exd4 4. Nxd4 Bc5 5. Nb3 Bb6 6. Nc3 Nf6 7. Qe2 O-O 8.
Be3 Bxe3 9. Qxe3 d6 10. f3 Re8 11. O-O-O a5 12. Bb5 Nd7 13. g4 Nb6 14. g5 Bd7
15. h4 a4 16. Nd4 Ra5 17. Bd3 a3 18. b3 Nb4 19. Qf2 Rc5 20. Nde2 Qa8 21. Kb1 Qa5
22. Qe1 Bc6 23. Qd2 Nd7 24. f4 b5 25. Nd5 Bxd5 26. exd5 Nb6 27. Nc3 Nxd3 28.
cxd3 Qxc3 29. Rhe1 Rf8 30. d4 Qxd2 31. Rxd2 Rc3 32. h5 Nxd5 33. f5 Rg3 34. h6
Rxg5 35. hxg7 Kxg7 36. Rf2 Kf6 0-1

[Event "34th Zalakaros Open 2015"]
[Site "Zalakaros HUN"]
[Date "2015.05.21"]
[Round "8.31"]
[White "Baskin, Robert"]
[Black "Peczely, Sebastian Zsombor"]
[Result "1-0"]
[WhiteTitle "FM"]
[WhiteElo "2333"]
[BlackElo "2260"]
[WhiteFideId "24662402"]
[BlackFideId "750964"]
[EventDate "2015.05.14"]

1. e4 e5 2. Nf3 Nc6 3. Nc3 g6 4. d4 exd4 5. Nxd4 Bg7 6. Be3 Nge7 7. Qd2 d6 8.
O-O-O a6 9. Be2 b5 10. Nxc6 Nxc6 11. Nd5 O-O 12. h4 Be6 13. h5 Bxd5 14. exd5 Ne5
15. f4 Nd7 16. g4 Re8 17. g5 Qe7 18. Rh3 Nc5 19. hxg6 hxg6 20. Rdh1 Qe4 21. Bg4
Na4 22. c3 b4 23. Bd4 Re5 24. Qh2 Kf8 25. Rh8+ Ke7 26. Rxa8 bxc3 27. bxc3 Qxd5
28. fxe5 dxe5 29. Re1 Qd6 30. Qxe5+ 1-0

[Event "34th Zalakaros Open 2015"]
[Site "Zalakaros HUN"]
[Date "2015.05.21"]
[Round "8.32"]
[White "Vegh, Endre"]
[Black "Schreiner, Peter"]
[Result "1/2-1/2"]
[WhiteTitle "IM"]
[BlackTitle "IM"]
[WhiteElo "2272"]
[BlackElo "2449"]
[WhiteFideId "700568"]
[BlackFideId "1621645"]
[EventDate "2015.05.14"]

1. d4 e6 2. c4 b6 3. a3 Bb7 4. Nc3 d5 5. cxd5 exd5 6. Nf3 Nf6 7. Bg5 Be7 8. Qa4+
c6 9. Bxf6 Bxf6 10. g3 O-O 11. Bg2 c5 12. Rd1 c4 13. Ne5 a6 14. O-O b5 15. Qc2
Ra7 16. Ng4 Nd7 17. Nxd5 Bxd5 18. Bxd5 Nb6 19. Bg2 Rd7 20. e3 h5 21. Ne5 Bxe5
22. dxe5 Qe7 23. f4 Rfd8 24. Bh3 Rd3 25. Bf5 Rxd1 26. Rxd1 Na4 27. Rd4 Rxd4 28.
exd4 Qa7 29. Qd2 a5 30. Kf1 Qb7 31. d5 b4 32. axb4 Qxb4 33. Qe2 c3 34. e6 Kf8
35. exf7 Qe7 36. Qb5 Nc5 37. d6 Qe3 38. d7 Qf3+ 39. Kg1 Qd1+ 40. Kf2 Qd4+ 41.
Kf1 Qd1+ 42. Kg2 Qd5+ 43. Kg1 Qd4+ 44. Kf1 Qd1+ 45. Kf2 Qd4+ 1/2-1/2

[Event "34th Zalakaros Open 2015"]
[Site "Zalakaros HUN"]
[Date "2015.05.21"]
[Round "8.33"]
[White "Dankhazi, Andras"]
[Black "Nemeth, Zoltan"]
[Result "0-1"]
[WhiteTitle "FM"]
[BlackTitle "IM"]
[WhiteElo "2223"]
[BlackElo "2306"]
[WhiteFideId "714267"]
[BlackFideId "700657"]
[EventDate "2015.05.14"]

1. c4 e5 2. g3 c5 3. Bg2 g6 4. Nc3 Nc6 5. Nf3 Bg7 6. a3 d6 7. Rb1 Bf5 8. d3 Qd7
9. b4 Nge7 10. O-O O-O 11. Ne1 Rac8 12. Nc2 b6 13. Ne3 Be6 14. Ned5 f5 15. Qa4
h6 16. Nxe7+ Nxe7 17. Qxd7 Bxd7 18. Bd2 Bc6 19. Bxc6 Nxc6 20. b5 Ne7 21. e4 g5
22. f3 Bf6 23. Kg2 h5 24. exf5 d5 25. cxd5 Rcd8 26. g4 Nxd5 27. Ne4 Nf4+ 28.
Bxf4 exf4 29. h4 gxh4 30. g5 Be5 31. f6 Rxd3 32. Rbd1 Rxd1 33. Rxd1 Bd4 34. Nd6
Kh7 35. Nf5 Kg6 36. Nxd4 Rd8 37. Re1 cxd4 38. Kh3 Kxg5 39. f7 Rf8 40. Re5+ Kf6
41. Rxh5 Ke6 42. Rxh4 Rxf7 43. Kg2 Kd5 44. Kf2 Kc4 45. Ke2 Kc3 46. Rh8 Re7+ 47.
Kd1 Kd3 48. Rh2 Re3 49. Rd2+ Kc4 50. a4 Rd3 0-1

[Event "34th Zalakaros Open 2015"]
[Site "Zalakaros HUN"]
[Date "2015.05.21"]
[Round "8.34"]
[White "Juhasz, Armin"]
[Black "Farkas, Richard"]
[Result "1/2-1/2"]
[WhiteTitle "FM"]
[WhiteElo "2303"]
[BlackElo "2265"]
[WhiteFideId "724270"]
[BlackFideId "703850"]
[EventDate "2015.05.14"]

1. c4 c5 2. Nf3 Nc6 3. d4 cxd4 4. Nxd4 g6 5. e4 Nf6 6. Nc3 Nxd4 7. Qxd4 d6 8.
Bg5 Bg7 9. Qd2 O-O 10. Bd3 a5 11. b3 Bd7 12. O-O Bc6 13. Rae1 Re8 14. Re2 Ng4
15. Kh1 h6 16. Bh4 g5 17. Bg3 e5 18. f3 Nf6 19. Bf2 Nh5 20. Ree1 Nf4 21. Bc2 Bf8
22. Rd1 Qc8 23. Be3 Qc7 24. g3 Ng6 25. Nd5 Bxd5 26. Qxd5 Ne7 27. Qd2 Nc6 28. f4
f6 29. fxg5 fxg5 30. Bd3 Nd4 31. Qg2 Bg7 32. Qh3 Rf8 33. Bxd4 exd4 34. Qe6+ Kh8
35. Qg6 Rxf1+ 36. Rxf1 Rf8 37. Rf5 Rxf5 38. exf5 Qe7 39. Kg2 Kg8 40. Qe6+ 1/2-1/2

[Event "34th Zalakaros Open 2015"]
[Site "Zalakaros HUN"]
[Date "2015.05.21"]
[Round "8.35"]
[White "Papp, Petra"]
[Black "Tantsiura, Maria"]
[Result "1-0"]
[WhiteTitle "WGM"]
[BlackTitle "WIM"]
[WhiteElo "2297"]
[BlackElo "2262"]
[WhiteFideId "739049"]
[BlackFideId "14124327"]
[EventDate "2015.05.14"]

1. e4 c5 2. Nf3 e6 3. d4 cxd4 4. Nxd4 a6 5. c4 Nf6 6. Nc3 Bb4 7. Qd3 d6 8. Nc2
Bxc3+ 9. Qxc3 O-O 10. Bg5 Nxe4 11. Bxd8 Nxc3 12. Be7 Re8 13. Bxd6 Ne4 14. Bf4
Nc6 15. f3 e5 16. Be3 Nd6 17. O-O-O Nf5 18. Bb6 Be6 19. b3 Rec8 20. Kb2 Nb8 21.
Be2 Nd7 22. Bf2 Nf6 23. Rd2 h5 24. Bd3 Re8 25. Re1 Nd7 26. Be4 Rab8 27. Nb4 Nf6
28. Bc2 Nd7 29. Nd5 Rbc8 30. f4 exf4 31. Bxf5 1-0

[Event "34th Zalakaros Open 2015"]
[Site "Zalakaros HUN"]
[Date "2015.05.21"]
[Round "8.36"]
[White "Balint, Vilmos"]
[Black "Grimm, Daniel"]
[Result "1/2-1/2"]
[BlackTitle "FM"]
[WhiteElo "2238"]
[BlackElo "2255"]
[WhiteFideId "718050"]
[BlackFideId "740080"]
[EventDate "2015.05.14"]

1. Nf3 d5 2. g3 Nf6 3. Bg2 c6 4. O-O Bg4 5. d4 Nbd7 6. c4 e6 7. Qb3 Qb6 8. Nc3
Be7 9. Re1 Bf5 10. c5 Qxb3 11. axb3 a6 12. b4 Rc8 13. Nd2 h6 14. Nb3 Bd8 15. f3
O-O 16. e4 Bh7 17. Bf4 Re8 18. Bd6 g5 19. e5 Nh5 20. Re3 f5 21. exf6 Bxf6 22.
Ne2 Ng7 23. Bh3 Bf5 24. g4 Bg6 25. Na5 e5 26. dxe5 Nxe5 27. Nxb7 Nc4 28. Rxe8+
Rxe8 29. Bf1 Bxb2 30. Rxa6 Bd3 31. Ng3 Bd4+ 32. Kh1 Re1 33. Ra8+ Kh7 34. Kg2
Ne3+ 35. Kf2 Nc2+ 36. Kg2 Ne3+ 37. Kf2 Rxf1+ 38. Nxf1 Nxf1+ 39. Kg2 Ne3+ 40. Kg3
h5 41. h4 hxg4 42. fxg4 Be4 43. Nd8 Bc3 44. hxg5 Bxb4 45. Nf7 Be1+ 46. Kh3 Bc3
47. Be5 Bxe5 48. Rh8+ Kg6 49. Nxe5+ Kxg5 50. Nxc6 Ne6 51. Kg3 Nxc5 52. Rg8+ Kf6
53. g5+ Kf7 54. Rc8 Ne6 55. Ne5+ Kg7 56. Kh4 Bf5 57. Ra8 Ng2+ 58. Kg3 Ngf4 59.
Ra7+ Kg8 60. Nd7 Kg7 61. Ne5+ Kg8 62. Kf3 Ng6 63. Nf7 Be4+ 64. Kg4 Ng7 65. Nh6+
Kh7 66. Nf7 Kg8 67. Nd6 Ne5+ 68. Kf4 Ng6+ 69. Kg4 Ne5+ 70. Kh3 Bg6 71. Ra8+ Kh7
72. Ra5 Ne6 73. Kg3 Nxg5 74. Rxd5 Nef7 75. Nxf7 1/2-1/2

[Event "34th Zalakaros Open 2015"]
[Site "Zalakaros HUN"]
[Date "2015.05.21"]
[Round "8.37"]
[White "Laza, Szabolcs"]
[Black "Boguszlavszkij, Jevgenyij"]
[Result "1/2-1/2"]
[BlackTitle "IM"]
[WhiteElo "2176"]
[BlackElo "2216"]
[WhiteFideId "741345"]
[BlackFideId "700614"]
[EventDate "2015.05.14"]

1. d4 Nf6 2. c4 e6 3. Nc3 d5 4. cxd5 exd5 5. Bg5 c6 6. e3 Qb6 7. Bxf6 Qxb2 8.
Qc1 Qxc1+ 9. Rxc1 gxf6 10. Nxd5 Bd6 11. Nxf6+ Ke7 12. Ne4 Ba3 13. Rb1 b5 14. Nc5
a5 15. Nf3 Bb4+ 16. Nd2 Bxc5 17. dxc5 Na6 18. Nb3 Be6 19. Nd4 Bd5 20. a4 Rhb8
21. axb5 cxb5 22. Bxb5 Nxc5 23. O-O Rg8 24. f3 Ne6 25. Rfc1 Nxd4 26. exd4 Bxf3
27. Rc7+ Kf6 28. Rb2 Bd5 29. Bc6 Rad8 30. Rf2+ Kg6 31. Bxd5 Rxd5 32. Rfxf7 a4
33. Rxh7 a3 34. Ra7 Rb8 35. Rhb7 Rxb7 36. Rxb7 Ra5 37. Rb1 Kf5 38. Kf2 Ke4 39.
Ke2 Kxd4 40. Kd2 a2 41. Ra1 Rg5 42. g3 Rh5 43. h4 Ra5 44. Kc2 Ra3 45. g4 Ke5 46.
h5 Rg3 47. h6 Rxg4 48. Rh1 Rh4 49. Re1+ Kf6 50. Kb3 Rxh6 51. Kxa2 1/2-1/2

[Event "34th Zalakaros Open 2015"]
[Site "Zalakaros HUN"]
[Date "2015.05.21"]
[Round "8.38"]
[White "Nomin-Erdene, Davaademberel"]
[Black "Bodi, Tibor"]
[Result "1-0"]
[WhiteTitle "WFM"]
[WhiteElo "2337"]
[BlackElo "2204"]
[WhiteFideId "4900782"]
[BlackFideId "701084"]
[EventDate "2015.05.14"]

1. e4 Nf6 2. e5 Nd5 3. d4 d6 4. c4 Nb6 5. exd6 exd6 6. Nc3 Be7 7. Bd3 O-O 8.
Nge2 Nc6 9. b3 Bf6 10. Be3 Re8 11. O-O g6 12. Qd2 a5 13. Rad1 a4 14. d5 Nb4 15.
Bxb6 Nxd3 16. Qxd3 Bf5 17. Qd2 cxb6 18. Nxa4 Bd7 19. Nac3 Qc7 20. a4 Qc5 21. Ng3
Bg7 22. Nce4 Qa3 23. Qf4 Qxb3 24. Nxd6 Re7 25. Qh4 Re5 26. Qf4 Qxa4 27. Qxf7+
Kh8 28. Qf3 Rf8 29. Qd3 Qb4 30. Nge4 Rh5 31. Rb1 Qa5 32. Ng3 Rh4 33. Nxb7 Qa2
34. Nd6 Ba4 35. Rbc1 Rd4 36. Qe3 Rd2 37. Nge4 Rb2 38. Ng5 Re2 39. Qh3 h5 40.
Nde4 Bc2 41. Nc3 Bxc3 42. Qxc3+ Kg8 43. Ne6 Rf7 44. Ra1 1-0

[Event "34th Zalakaros Open 2015"]
[Site "Zalakaros HUN"]
[Date "2015.05.22"]
[Round "9.1"]
[White "Kovalenko, Igor"]
[Black "Ragger, Markus"]
[Result "1/2-1/2"]
[WhiteTitle "GM"]
[BlackTitle "GM"]
[WhiteElo "2650"]
[BlackElo "2668"]
[WhiteFideId "14117908"]
[BlackFideId "1610856"]
[EventDate "2015.05.14"]

1. c4 c5 2. Nf3 Nf6 3. Nc3 d5 4. cxd5 Nxd5 5. g3 g6 6. d3 Bg7 7. Bd2 Nc6 8. Bg2
b6 9. h4 Bb7 10. h5 Nxc3 11. bxc3 Qd7 12. Rb1 Rd8 13. Qa4 Ne5 14. Qxd7+ Nxd7 15.
Nh4 Bxg2 16. Nxg2 c4 17. d4 O-O 18. Rb4 Rc8 19. Ne3 e5 20. dxe5 Nxe5 21. h6 Bh8
22. f4 Nd7 23. Rxc4 Nf6 24. Ra4 Rfe8 25. Rxa7 b5 26. Rb7 Ne4 27. Nd5 Ra8 28. Be3
Bxc3+ 29. Nxc3 Nxc3 30. Kf2 Rxa2 31. Kf3 Ra3 32. Bc5 Rb3 33. e3 Ne4 34. Bd4 Nd6
35. Rd7 Nf5 36. Re1 Rd3 37. Re2 b4 38. g4 Nxe3 39. f5 g5 40. Kf2 Nxg4+ 41. Ke1
Ne5 42. Kf1 Rd1+ 43. Kg2 Rd2 44. Rxd2 Nxd7 45. Rc2 Kf8 46. Kf3 b3 47. Bg7+ Ke7
48. Re2+ Kd8 49. Rb2 g4+ 50. Kxg4 Re4+ 51. Kf3 Rb4 52. Bc3 Rb5 53. Kg4 f6 54.
Kf4 Ne5 55. Ke4 Ke7 56. Rg2 Nf7 57. Kd3 Ne5+ 58. Ke4 Kf8 59. Bb2 Nc4 60. Bxf6 b2
61. Bg7+ Ke8 62. Bxb2 Rxb2 63. Rg8+ Ke7 64. Rg7+ Kf6 65. Rxh7 Nd6+ 66. Kd3 Rb3+
67. Kc2 Rh3 68. Rd7 Nxf5 69. h7 Ne7 70. Rd3 Rxh7 71. Kc3 Ke5 72. Re3+ Kd5 73.
Rg3 Nc6 74. Rd3+ Kc5 75. Rg3 Nb4 76. Rg5+ Nd5+ 77. Kd3 Re7 78. Kd2 Re4 79. Rg8
Rh4 80. Ke2 Kd4 81. Rd8 Rh3 82. Kf2 Ke4 83. Re8+ Kf5 84. Rf8+ Nf6 85. Ke2 Ke5
86. Ra8 Rb3 87. Kd2 Ne4+ 88. Kc2 Rc3+ 89. Kb2 Rh3 90. Rd8 Nf6 91. Kc2 Ke4 92.
Ra8 Rh2+ 93. Kb3 Kd4 94. Ra4+ Kd3 95. Kb4 Ne4 96. Ra3+ Kd4 97. Kb5 Rh6 98. Ra4+
Kd5 99. Ra8 Nc3+ 100. Kb4 Kd4 101. Kb3 Nd5 102. Rd8 Rc6 103. Kb2 Rc5 104. Rb8
Kd3 105. Rb3+ Kd2 106. Rb7 Rc8 107. Kb3 Kd3 108. Rb5 Nf6 109. Rb7 Rc1 110. Kb2
Rh1 111. Rb3+ Kc4 112. Rc3+ Kd4 113. Rc1 Rh8 114. Rd1+ Kc4 115. Rc1+ Kb4 116.
Kc2 Rd8 117. Rd1 Nd5 118. Rd4+ Kc5 119. Rh4 Nb4+ 120. Kb3 Rd4 121. Rxd4 Kxd4
122. Kxb4 1/2-1/2

[Event "34th Zalakaros Open 2015"]
[Site "Zalakaros HUN"]
[Date "2015.05.22"]
[Round "9.2"]
[White "Boruchovsky, Avital"]
[Black "Adhiban, Baskaran"]
[Result "1/2-1/2"]
[WhiteTitle "GM"]
[BlackTitle "GM"]
[WhiteElo "2517"]
[BlackElo "2636"]
[WhiteFideId "2800055"]
[BlackFideId "5018471"]
[EventDate "2015.05.14"]

1. e4 c5 2. Nf3 e6 3. d4 cxd4 4. Nxd4 Nc6 5. Nc3 Qc7 6. f4 Nxd4 7. Qxd4 a6 8.
Be3 b5 9. O-O-O Bb7 10. Bd3 Rc8 11. Kb1 Nf6 12. e5 Ng4 13. Ne4 Nxe3 14. Qxe3 Bd5
15. c3 Be7 16. Rhe1 Rd8 17. g4 h5 18. Qg3 Bxe4 19. Bxe4 d5 20. exd6 Bxd6 21.
gxh5 O-O 22. h6 g6 23. Bxg6 fxg6 24. Qxg6+ Kh8 25. Rxe6 Be5 26. Re1 Bxf4 27. Rg1
Rf7 28. Rf6 Rfd7 29. Qg4 Be5 30. Rg6 Qc4 31. Qxc4 bxc4 32. Rxa6 Rb8 33. Rc1 Rd3
34. Re6 Bxc3 35. Re2 Rf3 36. a3 Bf6 37. Rxc4 Rxa3 38. Rc8+ Rxc8 39. bxa3 Ra8 40.
Ka2 Ra7 41. Kb3 Kh7 42. Re6 Bg5 43. a4 Bxh6 44. Rxh6+ Kxh6 45. Kb4 Kg6 46. a5
Kf6 47. Kb5 Ke6 48. Kb6 Ra8 49. a6 Rb8+ 50. Kc7 Rb2 51. a7 Ra2 52. Kb8 Rb2+ 53.
Kc7 1/2-1/2

[Event "34th Zalakaros Open 2015"]
[Site "Zalakaros HUN"]
[Date "2015.05.22"]
[Round "9.3"]
[White "Berkes, Ferenc"]
[Black "Raznikov, Danny"]
[Result "1/2-1/2"]
[WhiteTitle "GM"]
[BlackTitle "IM"]
[WhiteElo "2664"]
[BlackElo "2484"]
[WhiteFideId "718572"]
[BlackFideId "2811154"]
[EventDate "2015.05.14"]

1. d4 Nf6 2. c4 e6 3. Nc3 Bb4 4. g3 O-O 5. Bg2 d5 6. a3 Be7 7. cxd5 exd5 8. Nh3
c6 9. Nf4 Na6 10. O-O Nc7 11. Qc2 Ne6 12. Rd1 Bd6 13. Nxe6 Bxe6 14. b4 Rc8 15.
Bg5 1/2-1/2

[Event "34th Zalakaros Open 2015"]
[Site "Zalakaros HUN"]
[Date "2015.05.22"]
[Round "9.4"]
[White "Vajda, Levente"]
[Black "Bluebaum, Matthias"]
[Result "1/2-1/2"]
[WhiteTitle "GM"]
[BlackTitle "IM"]
[WhiteElo "2554"]
[BlackElo "2594"]
[WhiteFideId "1203975"]
[BlackFideId "24651516"]
[EventDate "2015.05.14"]

1. Nf3 d5 2. g3 Bg4 3. Bg2 e6 4. O-O Nf6 5. d3 Be7 6. Nbd2 c5 7. e4 Nc6 8. c3
O-O 9. Qc2 Qc7 10. Re1 Rad8 11. a3 Rfe8 12. b4 dxe4 13. dxe4 b5 14. c4 bxc4 15.
e5 Nd7 16. Bb2 cxb4 17. Qxc4 bxa3 18. Bxa3 Bxf3 19. Bxe7 Rxe7 20. Nxf3 Nf8 21.
Rac1 Rc8 22. Qa6 Ree8 23. Nh4 Qa5 24. Bf1 Qb6 25. Bb5 Nd4 26. Rxc8 Rxc8 27. Qxc8
Qxb5 28. Qd8 Qd3 29. Kh1 Qd2 30. Re4 Qc1+ 31. Kg2 Nb3 32. Nf3 Qc6 33. Rb4 Nc5
34. Rb8 Nd7 35. Rc8 Qd5 36. Ra8 Qb7 37. Qc8 Qd5 38. Qd8 Qb7 39. Rc8 Qd5 40. Qc7
h6 41. Qd6 Qb5 42. Nd4 Qb7+ 43. Qc6 Qxc6+ 44. Nxc6 g5 45. Ra8 Kg7 46. Rxa7 Nc5
47. Kf3 Nfd7 48. Ke3 Nb6 49. Nb4 Kg6 50. Rc7 Nb3 51. Rc3 Na5 52. Kd4 Nd7 53. Ra3
Nb7 54. Nd3 Nd8 55. Rc3 Nb6 56. Rc7 Nd5 57. Rc1 f6 58. exf6 Kxf6 59. Ne5 Ne7 60.
Ng4+ Kg6 61. Ke5 h5 62. Ne3 Nec6+ 63. Kd6 Nd4 64. Rc4 Nf7+ 65. Ke7 Ne5 66. Rc8
Kg7 67. h3 Ng6+ 68. Kd6 Kf6 69. Rc4 Nf3 70. Re4 Nfe5 71. Nc4 Nf7+ 72. Kd7 Nf8+
73. Ke8 Ng6 74. Re3 Nge5 75. Nxe5 Nxe5 76. Re2 Ng6 77. Kd7 Ne5+ 78. Kd6 Nf7+ 79.
Kc5 Ne5 80. Kd4 Nf7 81. Re3 Nd6 82. Rf3+ Ke7 83. h4 gxh4 84. gxh4 Nb5+ 85. Ke5
Nd6 86. Rc3 Nf7+ 87. Kf4 Kf6 88. Rc5 e5+ 89. Ke4 Ke6 90. Rc6+ Nd6+ 91. Kf3 Kd5
92. Ra6 Nf5 93. Rf6 e4+ 94. Kf4 Nxh4 95. Rh6 Ng2+ 96. Kg3 Ne1 97. Rxh5+ Kd4 98.
Rh8 Nd3 99. Re8 Kd5 100. Rd8+ Kc4 101. Rc8+ Kd4 102. Ra8 Kd5 103. Ra2 Ke5 104.
Re2 Kd4 105. Re3 Ne5 106. Re1 Nd3 107. Re2 Kd5 108. Re3 Kd4 109. Kg2 Nf4+ 110.
Kf1 Nd3 111. Rh3 Nf4 112. Rh8 Nd5 113. Rd8 Kc4 114. Rd7 Nf4 115. Rd1 Nd3 116.
Ke2 Kd4 117. Rd2 Ke5 118. Ke3 Nf4 119. Rd8 Nd5+ 120. Kd2 Kd4 121. Ra8 e3+ 1/2-1/2

[Event "34th Zalakaros Open 2015"]
[Site "Zalakaros HUN"]
[Date "2015.05.22"]
[Round "9.5"]
[White "Horvath, Adam1"]
[Black "Efimenko, Zahar"]
[Result "1-0"]
[WhiteTitle "GM"]
[BlackTitle "GM"]
[WhiteElo "2528"]
[BlackElo "2656"]
[WhiteFideId "708003"]
[BlackFideId "14107201"]
[EventDate "2015.05.14"]

1. e4 c5 2. Nf3 e6 3. d4 cxd4 4. Nxd4 Nc6 5. Nc3 d6 6. Be3 Nf6 7. Qd2 Be7 8. f3
O-O 9. O-O-O a6 10. g4 Nxd4 11. Bxd4 Nd7 12. h4 b5 13. g5 b4 14. Na4 a5 15. Rg1
Ba6 16. Bxa6 Rxa6 17. Qe2 Qc8 18. Kb1 Rc6 19. b3 Qc7 20. Rd2 Rc8 21. h5 Bf8 22.
h6 g6 23. Rgd1 f6 24. f4 e5 25. fxe5 Nxe5 26. Bxe5 fxe5 27. Rf1 Be7 28. Qg4 Rxc2
29. Qe6+ Kh8 30. Qxc8+ Qxc8 31. Rxc2 Qb7 32. Ka1 Kg8 33. Nb2 Bxg5 34. Rd1 Bxh6
35. Rxd6 Qxe4 36. Rc8+ Kf7 37. Rc7+ Ke8 38. Rxh7 Bf8 39. Rd1 Bc5 40. Rc1 Qe3 41.
Kb1 g5 42. Rg7 Kf8 43. Rd7 Qe4+ 44. Ka1 Qf5 45. Rdd1 Bf2 46. Rh1 Kg8 47. Rh6 Bd4
48. Ra6 Qf2 49. Rc8+ Kg7 50. Rc7+ Qf7 51. Rxf7+ Kxf7 52. Kb1 g4 53. Nd3 Bc3 54.
Nf2 g3 55. Nh3 g2 56. Kc2 e4 57. Kd1 1-0

[Event "34th Zalakaros Open 2015"]
[Site "Zalakaros HUN"]
[Date "2015.05.22"]
[Round "9.6"]
[White "Papp, Gabor1"]
[Black "Medvegy, Zoltan"]
[Result "1-0"]
[WhiteTitle "GM"]
[BlackTitle "GM"]
[WhiteElo "2594"]
[BlackElo "2535"]
[WhiteFideId "718602"]
[BlackFideId "708402"]
[EventDate "2015.05.14"]

1. Nf3 Nf6 2. c4 b6 3. d4 e6 4. a3 Bb7 5. Nc3 d5 6. cxd5 Nxd5 7. Qc2 Be7 8. e4
Nxc3 9. bxc3 O-O 10. Bd3 c5 11. O-O Qc8 12. Qe2 Ba6 13. Rd1 Rd8 14. Bf4 cxd4 15.
cxd4 Bxd3 16. Rxd3 Nd7 17. Rad1 Qb7 18. h4 Nf6 19. Bg5 Re8 20. Bxf6 Bxf6 21. e5
Be7 22. Ng5 h6 23. Ne4 Rad8 24. Qg4 Kh8 25. Rg3 Rg8 26. Rdd3 Qc6 27. Kh2 Qc2 28.
Qf4 Qe2 29. Rgf3 Rdf8 30. Rde3 Qc4 31. Ng5 f6 32. exf6 Rxf6 33. Qe4 g6 34. Nxe6
Rxf3 35. Rxf3 Bd6+ 36. g3 Qc8 37. Rf7 Qe8 38. Qb7 1-0

[Event "34th Zalakaros Open 2015"]
[Site "Zalakaros HUN"]
[Date "2015.05.22"]
[Round "9.8"]
[White "Kreisl, Robert"]
[Black "Prohaszka, Peter2"]
[Result "0-1"]
[WhiteTitle "IM"]
[BlackTitle "GM"]
[WhiteElo "2420"]
[BlackElo "2582"]
[WhiteFideId "1613880"]
[BlackFideId "726265"]
[EventDate "2015.05.14"]

1. Nf3 d5 2. d4 Nf6 3. c4 c6 4. Nc3 dxc4 5. a4 Bf5 6. Ne5 Nbd7 7. Nxc4 Nb6 8.
Ne5 a5 9. f3 Nfd7 10. e4 Nxe5 11. exf5 Ned7 12. d5 g6 13. dxc6 bxc6 14. Qd4 Rg8
15. fxg6 Rxg6 16. Qf2 Nd5 17. Nxd5 cxd5 18. Bb5 Re6+ 19. Kf1 Bg7 20. Be3 Kf8 21.
Bd4 Rc8 22. Rd1 Rd6 23. Bxg7+ Kxg7 24. Qd4+ Nf6 25. g4 Kg8 26. Kg2 Rc2+ 27. Rd2
e5 28. Qe3 Rxd2+ 29. Qxd2 e4 30. Qg5+ Kf8 31. Qh6+ Ke7 32. Re1 Re6 33. fxe4 Qg8
34. Qf4 Qxg4+ 35. Qxg4 Nxg4 36. Kg3 Nf6 37. e5 Ne4+ 38. Kf4 Rh6 39. Rc1 Rh4+ 40.
Kf5 Rh5+ 41. Kf4 Rh4+ 42. Kf5 Rxh2 43. Rc7+ Kf8 44. Ra7 Rf2+ 45. Kg4 Rxb2 46.
Rxa5 Rb4 47. Kf3 Rb3+ 48. Kf4 Rb4 49. Kf3 Rb3+ 50. Kf4 Nc5 51. Bc6 Ne6+ 52. Kg4
Rb4+ 53. Kg3 d4 54. Be4 h5 55. Ra8+ Kg7 56. Kf2 Nc5 57. Bf3 h4 58. Ra5 Nxa4 59.
Bh5 Nb2 60. Kf3 d3 61. Rd5 h3 62. Kg3 Rb3 63. Kh2 Nc4 64. Rc5 Ne3 65. Rc7 Kh6
66. Bxf7 Rb2+ 67. Kxh3 d2 68. Rc6+ Kg5 69. Rg6+ Kf5 70. Rf6+ Kxe5 71. Re6+ Kf5 0-1

[Event "34th Zalakaros Open 2015"]
[Site "Zalakaros HUN"]
[Date "2015.05.22"]
[Round "9.9"]
[White "Gonda, Laszlo"]
[Black "Smith, Bryan G"]
[Result "1/2-1/2"]
[WhiteTitle "GM"]
[BlackTitle "GM"]
[WhiteElo "2553"]
[BlackElo "2467"]
[WhiteFideId "720852"]
[BlackFideId "2017083"]
[EventDate "2015.05.14"]

1. d4 Nf6 2. c4 g6 3. Nf3 Bg7 4. g3 O-O 5. Bg2 d6 6. Nc3 c6 7. O-O Qb6 8. Re1
Bg4 9. Rb1 Nfd7 10. Be3 Bf5 11. Na4 Qa6 12. Rc1 Nb6 13. b3 Nxa4 14. bxa4 Be6 15.
Nd2 d5 16. cxd5 Bxd5 17. Bxd5 cxd5 18. Qb3 Nc6 19. Qxd5 Nxd4 20. Qc4 Qxc4 21.
Rxc4 Nf5 22. Bc5 Rfd8 23. Nb3 Rac8 24. Rec1 b6 25. Ba3 Rd1+ 26. Kg2 Rxc1 27.
Rxc1 Rxc1 28. Bxc1 Kf8 29. Ba3 Ke8 30. Kf3 Kd7 31. Ke4 h5 32. a5 Kc6 1/2-1/2

[Event "34th Zalakaros Open 2015"]
[Site "Zalakaros HUN"]
[Date "2015.05.22"]
[Round "9.10"]
[White "Szabo, Gergely-Andras-Gyula"]
[Black "Deac, Bogdan-Daniel"]
[Result "1/2-1/2"]
[WhiteTitle "GM"]
[BlackTitle "IM"]
[WhiteElo "2548"]
[BlackElo "2437"]
[WhiteFideId "1205064"]
[BlackFideId "1226380"]
[EventDate "2015.05.14"]

1. c4 e5 2. g3 d6 3. Bg2 g6 4. Nc3 Bg7 5. d3 c6 6. e4 h5 7. h4 Na6 8. Nge2 Nf6
9. O-O Nc7 10. d4 exd4 11. Nxd4 Ne6 12. Nxe6 Bxe6 13. b3 Ng4 14. Bg5 f6 15. Bf4
Ne5 16. Qd2 Qc7 17. Rac1 O-O 18. Ne2 Rad8 19. Nd4 Bc8 20. Rfd1 1/2-1/2